书目信息 |
| 题名: |
手机 : 划时代的魔器
|
|
| 作者: | 跃刚 , 朱志远 , 张建国 著 | |
| 分册: | ||
| 出版信息: | 北京 科学出版社 2010 |
|
| 页数: | 222页 | |
| 开本: | 21cm | |
| 丛书名: | ||
| 单 册: | ||
| 中图分类: | TN929.53 | |
| 科图分类: | ||
| 主题词: | 移动通信--yi dong ting xin--携带电话机--基本知识 | |
| 电子资源: | ||
| ISBN: | 978-7-03-025871-7 | |
| 000 | 01107nam 2200289 450 | |
| 001 | 0100000947 | |
| 005 | 20111230161134.25 | |
| 010 | @a978-7-03-025871-7@dCNY25.00 | |
| 100 | @a20100512d2010 em y0chiy50 ea | |
| 101 | 0 | @achi |
| 102 | @aCN@b110000 | |
| 105 | @aak z 000yy | |
| 106 | @ar | |
| 200 | 1 | @a手机 : 划时代的魔器@Ashou ji : hua shi dai de mo qi@e环绕手机的科技话题@f跃刚, 朱志远, 张建国著 |
| 210 | @a北京@c科学出版社@d2010 | |
| 215 | @a222页@c图@d21cm | |
| 330 | @a作者不仅通俗地介绍了手机的基本工作方式和原理、手机的软硬件应用机理,还谈到了手机文化的形成与冲击、手机礼仪和手机道德。在五彩缤纷的方寸天地间,在一个个冷冰冰的数字按键下面,手机也是充满人文情怀的魔器。 | |
| 517 | 1 | @a划时代的魔器@Ahua shi dai de mo qi |
| 517 | 1 | @a环绕手机的科技话题@Ahuan rao shou ji de ke ji hua ti |
| 606 | 0 | @a移动通信@Ayi dong ting xin@x携带电话机@x基本知识 |
| 690 | @aTN929.53@v4 | |
| 701 | 0 | @a跃刚@Ayue gang@4著 |
| 701 | 0 | @a朱志远@Azhu zhi yuan@4著 |
| 701 | 0 | @a张建国@Azhang jian guo@4著 |
| 801 | 0 | @aCN@c20100511 |
| 901 | @a00 | |
| 905 | @b21001003-05@dTN929.53@e0@fTN929.53/Y956 | |
| 手机 : 划时代的魔器:环绕手机的科技话题/跃刚, 朱志远, 张建国著.-北京:科学出版社,2010 |
| 222页:图;21cm |
| ISBN 978-7-03-025871-7:CNY25.00 |
| 作者不仅通俗地介绍了手机的基本工作方式和原理、手机的软硬件应用机理,还谈到了手机文化的形成与冲击、手机礼仪和手机道德。在五彩缤纷的方寸天地间,在一个个冷冰冰的数字按键下面,手机也是充满人文情怀的魔器。 |
| ● |
| 相关链接 |
|
|
|
正题名:手机 : 划时代的魔器
索取号:TN929.53/0
 
预约/预借
| 序号 | 登录号 | 条形码 | 馆藏地/架位号 | 状态 | 备注 |